The Natakalaksanaratnakosa Of Sagaranandin (Record no. 1356876)

MARC details
000 -LEADER
fixed length control field 00715nam a2200289Ia 4500
008 - FIXED-LENGTH DATA ELEMENTS--GENERAL INFORMATION
fixed length control field 160321s9999||||xx |||||||||||||| ||und||
082 ## - DEWEY DECIMAL CLASSIFICATION NUMBER
Classification number XVA/Nataka
082 ## - DEWEY DECIMAL CLASSIFICATION NUMBER
Item number BORI-10412
100 ## - MAIN ENTRY--PERSONAL NAME
Personal name Myles Dillion
245 #4 - TITLE STATEMENT
Title The Natakalaksanaratnakosa Of Sagaranandin
260 ## - PUBLICATION, DISTRIBUTION, ETC. (IMPRINT)
Place of publication, distribution, etc Londan
260 ## - PUBLICATION, DISTRIBUTION, ETC. (IMPRINT)
Date of publication, distribution, etc 1937
300 ## - PHYSICAL DESCRIPTION
Extent XX+147
300 ## - PHYSICAL DESCRIPTION
Other physical details I
300 ## - PHYSICAL DESCRIPTION
Dimensions C
300 ## - PHYSICAL DESCRIPTION
Accompanying material Hardbound
530 ## - ADDITIONAL PHYSICAL FORM AVAILABLE NOTE
Availability source B. P. Bahirat
530 ## - ADDITIONAL PHYSICAL FORM AVAILABLE NOTE
Uniform Resource Identifier <a href="00065498.pdf">00065498.pdf</a>
563 ## - BINDING INFORMATION
Binding note Reference
600 ## - SUBJECT ADDED ENTRY--PERSONAL NAME
Personal name Myles Dillion
630 ## - SUBJECT ADDED ENTRY--UNIFORM TITLE
Uniform title The Natakalaksanaratnakosa Of Sagaranandin
650 ## - SUBJECT ADDED ENTRY--TOPICAL TERM
Topical term or geographic name as entry element Kosa
650 ## - SUBJECT ADDED ENTRY--TOPICAL TERM
Topical term or geographic name as entry element Reference
700 ## - ADDED ENTRY--PERSONAL NAME
Personal name Myles Dillion
730 ## - ADDED ENTRY--UNIFORM TITLE
Uniform title The Natakalaksanaratnakosa Of Sagaranandin
942 ## - ADDED ENTRY ELEMENTS (KOHA)
Koha item type Book
Holdings
Withdrawn status Lost status Damaged status Not for loan Home library Current library Date acquired Total Checkouts Full call number Barcode Date last seen Price effective from Koha item type
        Bhandarkar Oriental Research Institute, Pune Bhandarkar Oriental Research Institute, Pune 07/03/1946   BORI-10412 BORI-10412 03/21/2016 03/21/2016 Book